000 00308nam a22001457a 4500
008 230117b ||||| |||| 00| 0 eng d
020 _a9781933648507
041 _aeng
080 _a94
082 _a94EDW
100 _a28
101 _aHISTORI
245 _aTHE WINTER WAR
_cEDWARDS R
942 _2udc
_cBK
999 _c59235
_d59235